000 01576cam a22004574i 4500
003 PE-LiUPU
005 20250731173026.0
008 150623s r 000 0 d
020 _a0827603940
035 _a(Sirsi) i9780827603943
040 _aPE-LiUPU
_bspa
_cPE-LiUPU
_erda
049 _aPRUA
082 0 4 _a296.68
_bM57
_221
100 1 _aJo, Milgram,
_eautor.
245 1 0 _aHandmade midrash /
_cMilgram Jo.
264 1 _aBerkeley, California :
_bThe Jewish Publication Society,
_c1992.
300 _a177 páginas :
_bilustraciones, fotos ;
_c26 centímetros
336 _atext
_2rdacontent
337 _aunmediated
_2rdamedia
338 _avolume
_2rdacarrier
504 _aIncluye bibliografía.
505 0 _aThe sensory Aleph. -Creation through Analogy: An Introduction to Synectics. -Tearing Out of Eden. -Lech-Lecha: Go Forth. -The binding of Isaac.
526 _aSEG42
526 _aSEG41
526 _aSEG40
526 _aSEG39
526 _aP94
526 _aP87
526 _aP86
526 _aP85
526 _aP77
526 _aP76
526 _aP35
650 0 4 _aMidrash
_xEstudio y enseñanza.
942 _2ddc
_cBOOK
949 _a296.68 M57
_wDEWEY
_c1
_i47995
_lCCODEBUL1
_mBUL
_r0
_sY
_tBOOK
_u2015-6-24
_xTEOLOGIA
_PP35
_0COMPRA
_o.STAFF. Colección General
994 _aC0
_bPEPRU
596 _a1
999 _a296.68 M57
_wDEWEY
_c24471
_i47995
_f2021-11-11
_g5
_lCCODEBUL1
_mBUL
_r0
_sY
_tBOOK
_u2015-6-24
_xTEOLOGIA
_PP35
_0COMPRA
_o.STAFF. Colección General
_d24471
980 _81
_gALBERTO SANCHEZ Responsable de Automatización